| 000 | 00400nam a2200145Ia 4500 | ||
|---|---|---|---|
| 005 | 20251222141953.0 | ||
| 008 | 251222s9999||||xx |||||||||||||| ||spa|| | ||
| 020 | _a84-89293-X | ||
| 082 | _a332.4/F41/1997 | ||
| 100 | _aFernández-Baca Llamosas, Jorge | ||
| 245 | 0 | _aDinero, Precios y Tipo de Cambio | |
| 250 | _a2a.ed. | ||
| 264 | _bCentro de Investigación Universidad del Pacífico | ||
| 942 | _cLIB | ||
| 999 |
_c9759 _d9759 |
||